000 00521nam a2200181 i 4500
001 32512
003 ES-MaACL
005 20251203063030.0
007 t|
008 030131s1964 sp ||||1| spa d
100 1 _aBergua, Juan B.,
_d1892-1991
_928018
245 1 0 _aHistoria de las religiones /
_cJuan B. Bergua.
260 _aMadrid :
_bClásicos Bergua,
_c1964.
300 _a2 v. ;
_c17 cm.
650 0 4 _aReligiones-
_xHistoria
_916823
852 _aES-MaACL
_jP-785-bis
_bR.53727
999 _c32512
_d32512